[Event "LSS No Engine Cup 166 Final"]
[Site "LSS email"]
[Date "2017.10.05"]
[Round "?"]
[White "Zonneveld, Will"]
[Black "Broniek, Mariusz Maciej"]
[Result "1/2-1/2"]
[WhiteElo "2309"]
[BlackElo "1951"]
[PlyCount "83"]
[EventDate "2017.10.06"]
[EventType "tourn (corr)"]
[EventRounds "6"]
[EventCountry "GER"]
[SourceTitle "Corr 2022"]
[Source "ChessBase"]
[SourceDate "2021.10.24"]
[SourceVersion "1"]
[SourceVersionDate "2021.10.24"]
[SourceQuality "1"]

1. e4 c5 2. Nf3 Nc6 3. d4 cxd4 4. Nxd4 Nf6 5. Nc3 e5 6. Ndb5 d6 7. Bg5 a6 8. Na3 b5 9. Bxf6 gxf6 10. Nd5 f5 11. Bd3 Be6 12. c3 Bg7 13. Nc2 Bxd5 14. exd5 Ne7 15. 0-0 e4 16. Be2 0-0 17. a4 bxa4 18. Rxa4 Qb6 19. Ra2 f4 20. Qd2 Be5 21. Na3 Qb3 22. Rfa1 Qxd5 23. Qxd5 Nxd5 24. Nc4 Nc7 25. Nxe5 dxe5 26. Ra4 f5 27. Rc4 Rf7 28. Ra5 Re7 29. Rac5 Ne8 30. Kf1 Rb8 31. Rc8 Rxb2 32. Bh5 f3 33. Rb4 Rc2 34. gxf3 exf3 35. Ke1 e4 36. Rxe8+ Rxe8 37. Bxe8 Rc1+ 38. Kd2 Rf1 39. Rb8 Rxf2+ 40. Ke3 Rxh2 41. Bg6+ Kg7 42. Bxf5 1/2-1/2

[Event "LSS No Engine Cup 166 Final"]
[Site "LSS email"]
[Date "2017.10.05"]
[Round "?"]
[White "Zonneveld, Will"]
[Black "Louro, Eugenio Diogo"]
[Result "1-0"]
[WhiteElo "2309"]
[BlackElo "1939"]
[PlyCount "49"]
[EventDate "2017.10.06"]
[EventType "tourn (corr)"]
[EventRounds "6"]
[EventCountry "GER"]
[SourceTitle "Corr 2022"]
[Source "ChessBase"]
[SourceDate "2021.10.24"]
[SourceVersion "1"]
[SourceVersionDate "2021.10.24"]
[SourceQuality "1"]

1. e4 c6 2. d4 d5 3. e5 c5 4. dxc5 e6 5. Be3 Qc7 6. Nf3 Bxc5 7. Bxc5 Qxc5 8. Nbd2 Nc6 9. Bd3 Qb6 10. Nb3 Nge7 11. 0-0 Bd7 12. c3 0-0 13. Re1 Rac8 14. Qd2 a6 15. Bc2 Qc7 16. a4 Ng6 17. Qe3 Nce7 18. Nbd4 Qb6 19. h4 Qxb2 20. h5 Nh8 21. Rec1 Rfd8 22. Bb3 Nf5 23. Nxf5 Qxb3 24. Ne7+ Kf8 25. h6 1-0